Movies Quiz

Random Movies or Cast Quiz

Actors by Movie Group Quiz Stats

Quiz Updated Jun 9, 2013

Also try: Famous Fivesomes
Challenge
Share
Tweet
Embed
Score 0/42 Timer 06:00
1 Play Today
% Correct
Jim Carrey
92.3%
Bill Murray
79.7%
Lindsay Lohan
79.5%
Lucy Liu
78.4%
Will Ferrell
77.9%
Cameron Diaz
77.6%
Drew Barrymore
77%
Steve Martin
72.4%
Joe Pesci
67.3%
Molly Ringwald
66.7%
Emilio Estevez
64.7%
Steve Carell
63.3%
Tom Selleck
63.2%
Chevy Chase
61.8%
Kevin Spacey
60.9%
Martin Short
59.4%
Jeff Daniels
59%
Paul Rudd
54.7%
Dan Aykroyd
54%
Ted Danson
52.8%
Rachel McAdams
52.3%
% Correct
Steve Guttenberg
47.5%
Jack Lemmon
46.4%
Christina Applegate
44.8%
Judd Nelson
43.1%
Anthony Michael Hall
41.9%
Tony Curtis
37.8%
Val Kilmer
37.4%
Ally Sheedy
37%
Harold Ramis
36.2%
Stephen Baldwin
36.1%
Amanda Seyfried
36%
Daniel Stern
35.2%
Benicio Del Toro
35.1%
Kurt Russell
34.6%
Gabriel Byrne
27.7%
Ernie Hudson
23.7%
Lacey Chabert
23%
Bill Paxton
16.8%
Kevin Pollak
14.8%
Sam Elliott
14.6%
David Koechner
14.4%

You're not logged in!

Compare scores with friends on all Sporcle quizzes.
Join for Free
OR
Log In

You Might Also Like...

Show Comments

Extras

Top Quizzes Today


Score Distribution

Your Account Isn't Verified!

In order to create a playlist on Sporcle, you need to verify the email address you used during registration. Go to your Sporcle Settings to finish the process.

Report this User

Report this user for behavior that violates our Community Guidelines.

Details: